000 00254nam a2200097Ia 4500
001 642468
005 20250826153527.0
008 250824s9999 xx 000 0 und d
245 0 _aDENEMELER ANTİK YENİ
_cMONTAİGNE
260 _bANTİK DÜNYA KLASİKLERİ
999 _c642468
_d642468